Computer programs for structural analysis / (Record no. 176597)
[ view plain ]
| 000 -LEADER | |
|---|---|
| fixed length control field | 00736 a2200169 4500 |
| 003 - CONTROL NUMBER IDENTIFIER | |
| control field | Nust |
| 005 - DATE AND TIME OF LATEST TRANSACTION | |
| control field | 20230320094341.0 |
| 040 ## - CATALOGING SOURCE | |
| Transcribing agency | Nust |
| 082 ## - DEWEY DECIMAL CLASSIFICATION NUMBER | |
| Classification number | 624.171,WEA |
| 100 ## - MAIN ENTRY--PERSONAL NAME | |
| Personal name | Weaver, William |
| 9 (RLIN) | 42920 |
| 245 ## - TITLE STATEMENT | |
| Title | Computer programs for structural analysis / |
| Statement of responsibility, etc. | William Weaver |
| 260 ## - PUBLICATION, DISTRIBUTION, ETC. | |
| Place of publication, distribution, etc. | New Jersey |
| Name of publisher, distributor, etc. | D. Van Nostrand |
| Date of publication, distribution, etc. | 1967 |
| 300 ## - PHYSICAL DESCRIPTION | |
| Extent | 300p |
| 505 ## - FORMATTED CONTENTS NOTE | |
| Formatted contents note | Stiffness Method for Analysis (Page-1), Computer and Procedures (Page-49), Analysis by Inversion of Stiffness Matrix (Page-71), Analysis by Solution of Simultaneous Equations (Page-150), Analysis by Division of Structure (Page-189), Supplementary Programming Topics (Page-278). |
| 650 ## - SUBJECT ADDED ENTRY--TOPICAL TERM | |
| Topical term or geographic name entry element | Structural analysis (Engineering) --Computer programs |
| 9 (RLIN) | 110544 |
| 942 ## - ADDED ENTRY ELEMENTS (KOHA) | |
| Source of classification or shelving scheme | |
| Koha item type | Book |
| Withdrawn status | Lost status | Source of classification or shelving scheme | Damaged status | Not for loan | Permanent Location | Current Location | Shelving location | Date acquired | Full call number | Barcode | Date last seen | Price effective from | Koha item type | Public note |
|---|---|---|---|---|---|---|---|---|---|---|---|---|---|---|
| Military College of Signals (MCS) | Military College of Signals (MCS) | General Stacks | 12/12/2016 | 624.171,WEA | MCS893 | 12/08/2016 | 12/12/2016 | Book | Almirah No.74, Shelf No.6 |
